00486nam a22001577a 4500008004100000020001500041040005500056080002500111100002100136245003300157250001200190260006900202300001100271650002100282653002500303230324b |||||||| |||| 00| 0 eng d a0070435928 aNational Science LibrarycNational Science Library aD 681.3.06 Java2bP1 aSchildt, Herbert aJava 2: bComplete reference a4th ed. aNew Delhi: bTata McGraw Hill Publishing Company Limited, c2001 a1077p. aComputer science aProgramming language